Sales Management Text and Cases

Salvato in:
Dettagli Bibliografici
Autore principale: Wotruba, Thomas R.
Altri autori: Simpson, Edwin K.
Natura: Libro
Lingua:inglese
Pubblicazione: Boston PWS-Kent Publ. Co. 1989
Edizione:2. ed.
Soggetti:
Tags: Aggiungi Tag
Nessun Tag, puoi essere il primo ad aggiungerne!!

MARC

LEADER 00000nam a2200000 4500
001 c001058
005 20230227122810.8
020 |a 0-534-91783-6 
041 0 |a eng 
044 |a US 
245 1 0 |a Sales Management  |b Text and Cases  |c Thomas R. Wotruba, Edwin K. Simpson 
250 |a 2. ed. 
264 1 |a Boston  |b PWS-Kent Publ. Co.  |c 1989 
300 |a 624 s. 
610 2 0 |a predaj 
610 2 0 |a manažment 
610 2 0 |a štúdie prípadové 
610 2 0 |a plánovanie strategické 
610 2 0 |a stratégia podniková 
610 2 0 |a podnik 
610 2 0 |a zamestnanci 
610 2 0 |a riadenie podnikové 
610 2 0 |a rozbory činnosti hospodárskej 
610 2 0 |a práca personálna 
100 1 |a Wotruba, Thomas R. 
700 1 |a Simpson, Edwin K.